[Event "Poti op 13th"]
[Site "Poti"]
[Date "2018.07.18"]
[Round "7"]
[White "Ghvamberia, Nika"]
[Black "Eynullayev, Atilla Elshan"]
[Result "1-0"]
[WhiteElo "2236"]
[BlackElo "2120"]
[PlyCount "123"]
[EventDate "2018.07.13"]
[EventType "swiss"]
[EventRounds "9"]
[EventCountry "GEO"]
[SourceTitle "CBM 185 Extra"]
[Source "ChessBase"]
[SourceDate "2018.07.29"]
[SourceVersion "1"]
[SourceVersionDate "2018.07.29"]
[SourceQuality "1"]

1. c4 c5 2. Nc3 Nf6 3. g3 d5 4. cxd5 Nxd5 5. Bg2 Nc7 6. d3 e5 7. Nf3 Nc6 8. 0-0 Be7 9. Nd2 Bd7 10. Nc4 f6 11. f4 b5 12. Ne3 exf4 13. Nf5 0-0 14. Nxe7+ Qxe7 15. Bxf4 Ne6 16. Nd5 Qd8 17. Bd6 Re8 18. Rc1 Rc8 19. e3 Ne5 20. Bxe5 fxe5 21. Qh5 Bc6 22. Be4 Ng5 23. Rxc5 Nxe4 24. dxe4 Bd7 25. Rxc8 Bxc8 26. Qf7+ Kh8 27. Qc7 Bh3 28. Qxd8 Rxd8 29. Rc1 h6 30. Kf2 Rf8+ 31. Ke2 Bg4+ 32. Kd3 a6 33. Nb4 Rd8+ 34. Nd5 Rf8 35. Nb4 Rd8+ 36. Kc3 Bf3 37. Nxa6 Rc8+ 38. Kd2 Rd8+ 39. Ke1 Bxe4 40. Nc5 Bf3 41. a3 e4 42. b3 g5 43. a4 bxa4 44. bxa4 Rb8 45. Kd2 Rb2+ 46. Rc2 Rb1 47. Ra2 Rd1+ 48. Kc3 Re1 49. Kd4 Rd1+ 50. Ke5 Re1 51. Ra3 Rc1 52. Ne6 Rd1 53. Nd4 Bg4 54. a5 Bc8 55. Rc3 Ba6 56. Rc6 Bd3 57. Rxh6+ Kg7 58. Nf5+ Kf7 59. Rh7+ Kg8 60. Rg7+ Kh8 61. Rxg5 Ra1 62. Kf6 1-0

[Event "Poti op 13th"]
[Site "Poti"]
[Date "2018.07.17"]
[Round "6"]
[White "Tutisani, Noe"]
[Black "Ghvamberia, Nika"]
[Result "1-0"]
[WhiteElo "2469"]
[BlackElo "2236"]
[PlyCount "61"]
[EventDate "2018.07.13"]
[EventType "swiss"]
[EventRounds "9"]
[EventCountry "GEO"]
[SourceTitle "CBM 185 Extra"]
[Source "ChessBase"]
[SourceDate "2018.07.29"]
[SourceVersion "1"]
[SourceVersionDate "2018.07.29"]
[SourceQuality "1"]

1. e4 c5 2. Nc3 e6 3. Nf3 a6 4. d4 cxd4 5. Nxd4 b5 6. Bd3 Qb6 7. Nb3 Qc7 8. 0-0 Nf6 9. f4 b4 10. e5 bxc3 11. exf6 gxf6 12. bxc3 Bb7 13. Be3 h5 14. Be2 h4 15. Bf3 Rg8 16. Rb1 d5 17. c4 Qxc4 18. Na5 Qc3 19. Qe1 Qxe1 20. Rfxe1 Bc8 21. c4 Nd7 22. cxd5 e5 23. Nc4 a5 24. Bf2 Ba6 25. Nb6 Nxb6 26. Rxb6 Bb4 27. d6 Bxe1 28. Bxa8 Bxf2+ 29. Kxf2 Bc8 30. Bc6+ Kd8 31. Rb8 1-0

[Event "Poti op 13th"]
[Site "Poti"]
[Date "2018.07.16"]
[Round "5"]
[White "Ghvamberia, Nika"]
[Black "Matsenko, Andrei"]
[Result "1-0"]
[WhiteElo "2236"]
[BlackElo "2299"]
[PlyCount "81"]
[EventDate "2018.07.13"]
[EventType "swiss"]
[EventRounds "9"]
[EventCountry "GEO"]
[SourceTitle "CBM 185 Extra"]
[Source "ChessBase"]
[SourceDate "2018.07.29"]
[SourceVersion "1"]
[SourceVersionDate "2018.07.29"]
[SourceQuality "1"]

1. Nf3 Nf6 2. c4 c5 3. Nc3 b6 4. g3 Bb7 5. Bg2 e6 6. 0-0 Be7 7. Re1 Ne4 8. Nxe4 Bxe4 9. d3 Bb7 10. e4 0-0 11. d4 cxd4 12. Nxd4 d6 13. b3 a6 14. a4 Qc7 15. Ba3 Nd7 16. Bb4 Rac8 17. Ra2 Rfe8 18. Rd2 Qb8 19. Ba3 Rcd8 20. f4 Bf8 21. f5 Qa8 22. fxe6 fxe6 23. Bh3 Bxe4 24. Nxe6 Ne5 25. Nxd8 Rxd8 26. Be6+ Kh8 27. Bd5 Bxd5 28. Rxd5 Re8 29. Rf1 Qc8 30. Bb2 Be7 31. Bxe5 dxe5 32. Re1 e4 33. Rxe4 Bc5+ 34. Kg2 Rxe4 35. Rd8+ Re8 36. Rxc8 Rxc8 37. a5 bxa5 38. Qd7 Rf8 39. Qc6 Rf2+ 40. Kh3 Bb4 41. c5 1-0

[Event "GEO-chT Club"]
[Site "Tbilisi"]
[Date "2017.12.02"]
[Round "4.4"]
[White "Benidze, Davit"]
[Black "Ghvamberia, Nika"]
[Result "1-0"]
[WhiteElo "2512"]
[BlackElo "2232"]
[PlyCount "116"]
[EventDate "2017.11.29"]
[EventType "team-tourn"]
[EventRounds "7"]
[EventCountry "GEO"]
[SourceTitle "CBM 181 Extra"]
[Source "ChessBase"]
[SourceDate "2017.12.12"]
[SourceVersion "1"]
[SourceVersionDate "2017.12.12"]
[SourceQuality "1"]
[WhiteTeam "Batumi Nona"]
[BlackTeam "Tbilisi Moazrovne Taoba"]
[WhiteTeamCountry "GEO"]
[BlackTeamCountry "GEO"]

1. Nf3 d5 2. g3 Bg4 3. Bg2 c6 4. 0-0 Nd7 5. d4 e6 6. Nbd2 Ngf6 7. Re1 Bd6 8. e4 dxe4 9. Nxe4 Nxe4 10. Rxe4 Nf6 11. Re1 0-0 12. h3 Bxf3 13. Qxf3 Be7 14. c3 a5 15. Qe2 Re8 16. Bd2 a4 17. Rad1 Qb6 18. Be3 Nd5 19. Bd2 Qxb2 20. Rb1 Qxa2 21. c4 Nf6 22. Qd3 Red8 23. Rxb7 Qa3 24. Qxa3 Bxa3 25. Be3 Bf8 26. Bxc6 a3 27. Rb6 Rac8 28. c5 Nd5 29. Bxd5 Rxd5 30. Ra6 e5 31. dxe5 Rxe5 32. Rc1 Rxe3 33. fxe3 Rxc5 34. Rxc5 Bxc5 35. Ra8+ Bf8 36. e4 f6 37. Kf2 Kf7 38. Ke3 h5 39. e5 fxe5 40. Ke4 Be7 41. Ra7 Ke6 42. Ra6+ Bd6 43. Rb6 Ke7 44. Kd5 a2 45. Ra6 Bb4 46. Rxa2 Bc3 47. Ra6 Kf7 48. Ke4 g6 49. Ra3 Bd4 50. Kd5 Kf6 51. Rf3+ Kg5 52. Ke4 h4 53. g4 Bb2 54. Rf2 Bc3 55. Rc2 Bd4 56. Rc6 Bb2 57. Re6 Bc3 58. Rxe5+ Bxe5 1-0

[Event "Poti op 12th"]
[Site "Poti"]
[Date "2017.07.21"]
[Round "8"]
[White "Geldyeva, Mekhri"]
[Black "Ghvamberia, Nika"]
[Result "0-1"]
[WhiteElo "2143"]
[BlackElo "2264"]
[PlyCount "84"]
[EventDate "2017.07.14"]
[EventType "swiss"]
[EventRounds "9"]
[EventCountry "GEO"]
[SourceTitle "CBM 179 Extra"]
[Source "ChessBase"]
[SourceDate "2017.08.23"]
[SourceVersion "1"]
[SourceVersionDate "2017.08.23"]
[SourceQuality "1"]

1. d4 Nf6 2. Nf3 d6 3. g3 g6 4. Bg2 Bg7 5. 0-0 0-0 6. b3 Bd7 7. Bb2 Qc8 8. Re1 Bg4 9. c4 Re8 10. Nbd2 a5 11. Qc2 Nc6 12. a3 e5 13. e4 Bh3 14. d5 Bxg2 15. Kxg2 Ne7 16. c5 Nd7 17. b4 b6 18. cxd6 cxd6 19. Qd3 f5 20. Ng5 Bh6 21. f4 Bxg5 22. fxg5 Qb7 23. Rad1 axb4 24. axb4 b5 25. Nb3 Ra2 26. Re2 fxe4 27. Qxe4 Nb6 28. Na5 Qd7 29. Rf2 Na4 30. Ba1 Rxf2+ 31. Kxf2 Rf8+ 32. Kg2 Nb6 33. Nc6 Nexd5 34. Na5 Qf7 35. Qe2 Qf5 36. Nb7 Qxg5 37. Qa2 Qe7 38. Na5 Qe6 39. Qd2 Qg4 40. Re1 Nf4+ 41. Kg1 Nh3+ 42. Kh1 Nf2+ 0-1

[Event "Poti op 12th"]
[Site "Poti"]
[Date "2017.07.19"]
[Round "6"]
[White "Hakobyan, Hakob V"]
[Black "Ghvamberia, Nika"]
[Result "1/2-1/2"]
[WhiteElo "2048"]
[BlackElo "2264"]
[PlyCount "73"]
[EventDate "2017.07.14"]
[EventType "swiss"]
[EventRounds "9"]
[EventCountry "GEO"]
[SourceTitle "CBM 179 Extra"]
[Source "ChessBase"]
[SourceDate "2017.08.23"]
[SourceVersion "1"]
[SourceVersionDate "2017.08.23"]
[SourceQuality "1"]

1. Nf3 Nf6 2. c4 c5 3. Nc3 Nc6 4. d4 cxd4 5. Nxd4 g6 6. e4 d6 7. Be2 Bg7 8. Be3 0-0 9. 0-0 Bd7 10. f3 a6 11. Qd2 Rc8 12. Rac1 Nxd4 13. Bxd4 Be6 14. b3 Nd7 15. Be3 Re8 16. f4 Qa5 17. Qb2 b5 18. f5 Bxc4 19. fxg6 hxg6 20. bxc4 b4 21. Bg4 bxc3 22. Qf2 f5 23. exf5 Rf8 24. Qh4 gxf5 25. Qxe7 fxg4 26. Qxd7 Qe5 27. Bf4 Rxf4 28. Qxc8+ Kh7 29. Qd8 Qe3+ 30. Kh1 Rxf1+ 31. Rxf1 c2 32. Qh4+ Bh6 33. Qxg4 c1Q 34. Qf5+ Kh8 35. Qc8+ Kg7 36. Qd7+ Kg8 37. Qc8+ 1/2-1/2

[Event "Poti op 12th"]
[Site "Poti"]
[Date "2017.07.14"]
[Round "1"]
[White "Ghvamberia, Nika"]
[Black "Pipia, Ekaterine"]
[Result "1-0"]
[WhiteElo "2264"]
[BlackElo "1711"]
[PlyCount "83"]
[EventDate "2017.07.14"]
[EventType "swiss"]
[EventRounds "9"]
[EventCountry "GEO"]
[SourceTitle "CBM 179 Extra"]
[Source "ChessBase"]
[SourceDate "2017.08.23"]
[SourceVersion "1"]
[SourceVersionDate "2017.08.23"]
[SourceQuality "1"]

1. c4 e6 2. Nf3 Nf6 3. g3 d5 4. b3 Be7 5. Bg2 c5 6. 0-0 Nc6 7. cxd5 exd5 8. Bb2 0-0 9. d4 Bf5 10. Nc3 Rc8 11. Rc1 b6 12. e3 Ne4 13. Ne2 Bf6 14. Ne5 Bxe5 15. dxe5 Re8 16. f3 Ng5 17. h4 Nxe5 18. Nf4 Ngxf3+ 19. Bxf3 Nxf3+ 20. Qxf3 Be4 21. Qg4 g6 22. Qg5 Qxg5 23. hxg5 Rcd8 24. Rcd1 Rd7 25. Rd2 Kf8 26. Kf2 Rde7 27. Bf6 Rd7 28. Rfd1 d4 29. exd4 cxd4 30. Rxd4 Rxd4 31. Rxd4 Bb1 32. a3 Rc8 33. Rd7 Ke8 34. Re7+ Kf8 35. Rxa7 Ke8 36. Re7+ Kf8 37. Rb7 Ke8 38. Nd5 Rc2+ 39. Ke3 Rg2 40. Re7+ Kf8 41. Nc7 Rxg3+ 42. Kf2 1-0

[Event "Batumi Municipality Cup"]
[Site "Batumi"]
[Date "2017.07.09"]
[Round "8"]
[White "Petriashvili, Nikoloz"]
[Black "Ghvamberia, Nika"]
[Result "1-0"]
[WhiteElo "2223"]
[BlackElo "2264"]
[PlyCount "71"]
[EventDate "2017.07.02"]
[EventType "swiss"]
[EventRounds "9"]
[EventCountry "GEO"]
[SourceTitle "CBM 179 Extra"]
[Source "ChessBase"]
[SourceDate "2017.08.23"]
[SourceVersion "1"]
[SourceVersionDate "2017.08.23"]
[SourceQuality "1"]

1. d4 Nf6 2. Nf3 g6 3. g3 Bg7 4. Bg2 0-0 5. 0-0 d6 6. b3 a5 7. Bb2 c6 8. c4 Bf5 9. Nh4 Bg4 10. h3 Bd7 11. Nc3 Qc8 12. Kh2 Na6 13. f4 b5 14. cxb5 cxb5 15. Rc1 Qb8 16. Bxa8 Qxa8 17. Nf3 Nd5 18. Qd2 Nxc3 19. Bxc3 b4 20. Ba1 Qd5 21. Rfe1 f5 22. Qd3 Bb5 23. Qc2 Qe4 24. Qxe4 fxe4 25. Ng5 d5 26. Ne6 Rb8 27. Nc7 Nxc7 28. Rxc7 Kf7 29. Ra7 a4 30. bxa4 Bc4 31. a5 Bxa2 32. a6 Rb6 33. Bb2 Bc4 34. Ra1 Bxe2 35. Rxe7+ Kxe7 36. a7 1-0

[Event "Batumi Municipality Cup"]
[Site "Batumi"]
[Date "2017.07.05"]
[Round "4"]
[White "Ghvamberia, Nika"]
[Black "Tereladze, Sopiko"]
[Result "0-1"]
[WhiteElo "2264"]
[BlackElo "2143"]
[PlyCount "74"]
[EventDate "2017.07.02"]
[EventType "swiss"]
[EventRounds "9"]
[EventCountry "GEO"]
[SourceTitle "CBM 179 Extra"]
[Source "ChessBase"]
[SourceDate "2017.08.23"]
[SourceVersion "1"]
[SourceVersionDate "2017.08.23"]
[SourceQuality "1"]

1. e4 e5 2. Nf3 Nc6 3. Bb5 a6 4. Ba4 Nf6 5. 0-0 b5 6. Bb3 Be7 7. Re1 0-0 8. c3 d5 9. exd5 Nxd5 10. Nxe5 Nxe5 11. Rxe5 c6 12. d4 Bd6 13. Re1 Qh4 14. g3 Qh3 15. Be3 Bg4 16. Qd3 Rae8 17. Nd2 Re6 18. a4 Qh5 19. axb5 axb5 20. Bxd5 Qxd5 21. b3 Rfe8 22. c4 bxc4 23. bxc4 Qh5 24. Qb3 Qh3 25. Qb7 Bf8 26. c5 g5 27. Ra7 R8e7 28. Qxe7 Bxe7 29. f3 Bf5 30. Bf2 Rxe1+ 31. Bxe1 Bf6 32. Bf2 g4 33. f4 Be6 34. Ne4 Kg7 35. Nc3 Qh5 36. Rc7 Bd5 37. Rd7 Bf3 0-1

[Event "Tbilisi Georgian Cup"]
[Site "Tbilisi"]
[Date "2016.12.21"]
[Round "8"]
[White "Ghvamberia, Nika"]
[Black "Morchiashvili, Bachana"]
[Result "0-1"]
[WhiteElo "2269"]
[BlackElo "2420"]
[PlyCount "72"]
[EventDate "2016.12.13"]
[EventType "swiss"]
[EventRounds "9"]
[EventCountry "GEO"]
[SourceTitle "CBM 176 Extra"]
[Source "ChessBase"]
[SourceDate "2017.03.02"]
[SourceVersion "1"]
[SourceVersionDate "2017.03.02"]
[SourceQuality "1"]

1. e4 c5 2. Nf3 e6 3. d4 cxd4 4. Nxd4 Nc6 5. Nb5 d6 6. c4 Nf6 7. N1c3 a6 8. Na3 b6 9. Be2 Bb7 10. 0-0 Ne5 11. f4 Ng6 12. Be3 Be7 13. Qd3 0-0 14. Nab1 Qc7 15. Nd2 Rfe8 16. Rac1 Rad8 17. b4 Ba8 18. Na4 Nd7 19. g3 Qb8 20. a3 d5 21. cxd5 exd5 22. Qxa6 d4 23. Bf2 Nxf4 24. gxf4 Qxf4 25. Qd3 Ne5 26. Bg3 Qg5 27. Qb3 d3 28. Bf3 Qe3+ 29. Kh1 Nxf3 30. Rxf3 Qxd2 31. Qxf7+ Kh8 32. Bf4 Qe2 33. Be5 Bf6 34. Qxf6 gxf6 35. Bxf6+ Kg8 36. Rg1+ Kf7 0-1

[Event "Tbilisi Georgian Cup"]
[Site "Tbilisi"]
[Date "2016.12.13"]
[Round "1"]
[White "Ghvamberia, Nika"]
[Black "Shanava, Konstantine"]
[Result "1/2-1/2"]
[WhiteElo "2269"]
[BlackElo "2543"]
[PlyCount "185"]
[EventDate "2016.12.13"]
[EventType "swiss"]
[EventRounds "9"]
[EventCountry "GEO"]
[SourceTitle "CBM 176 Extra"]
[Source "ChessBase"]
[SourceDate "2017.03.02"]
[SourceVersion "1"]
[SourceVersionDate "2017.03.02"]
[SourceQuality "1"]

1. e4 g6 2. d4 Bg7 3. Nf3 c6 4. Bd3 d6 5. c3 Nf6 6. 0-0 0-0 7. Re1 Bg4 8. Nbd2 e5 9. Qc2 Nh5 10. h3 Be6 11. dxe5 dxe5 12. Nc4 Nd7 13. b4 Nf4 14. Bf1 Qf6 15. Bxf4 Qxf4 16. Rad1 Nb6 17. Nd6 Rab8 18. c4 Nc8 19. c5 Nxd6 20. cxd6 Bxh3 21. gxh3 Qxf3 22. d7 Rfd8 23. Re3 Qf6 24. b5 Bf8 25. Qb3 Bh6 26. Red3 Bf4 27. Rd6 Qg5+ 28. Kh1 Kg7 29. Qf3 cxb5 30. Bxb5 a6 31. Bf1 Qe7 32. Qd3 h5 33. Qf3 b5 34. Qc3 Rb7 35. Qc6 Ra7 36. a3 Bg5 37. Kg1 Bh4 38. Bg2 Kh7 39. R1d3 Bg5 40. Bf1 Bh6 41. Qb6 Raxd7 42. Rxd7 Rxd7 43. Rxd7 Qxd7 44. Qxa6 Bf8 45. Qxb5 Qd4 46. Qc4 Qa7 47. Qa6 Qc7 48. a4 Kg7 49. Qb5 Bc5 50. a5 Qa7 51. Qb2 Bd4 52. Qd2 Qb7 53. Qc2 Qe7 54. a6 Qh4 55. Qe2 Qg3+ 56. Bg2 Qc3 57. Bf1 Kh6 58. Qd3 Qe1 59. Qf3 Kg7 60. Kg2 Qc1 61. Bd3 Qg5+ 62. Kh2 Qd2 63. Be2 Ba7 64. Kg2 Qd4 65. Bb5 Qc5 66. Bd3 Qc1 67. Bb5 Qg5+ 68. Qg3 Qe7 69. Qf3 Qc7 70. Be8 Bd4 71. Bb5 Qc2 72. Bd3 Qa2 73. Bb5 Qe6 74. Bd3 Kh6 75. Kh2 h4 76. Kg2 Kg5 77. Be2 Kh6 78. Bd3 Kg7 79. Be2 Qa2 80. Bd3 Qa4 81. Qe2 Qc6 82. Qf3 Ba7 83. Be2 Qc1 84. Bb5 Bd4 85. Bd3 Qg5+ 86. Kh2 Qd2 87. Be2 f5 88. exf5 gxf5 89. Qb7+ Kf6 90. Qc6+ Kg5 91. Qg2+ Kf6 92. Qc6+ Kg5 93. Qg2+ 1/2-1/2

[Event "GEO-chT Club"]
[Site "Lagodekhi"]
[Date "2016.09.22"]
[Round "1.2"]
[White "Bortnyk, Olexandr"]
[Black "Ghvamberia, Nika"]
[Result "1-0"]
[WhiteElo "2588"]
[BlackElo "2297"]
[PlyCount "67"]
[EventDate "2016.09.22"]
[EventType "team-tourn"]
[EventRounds "7"]
[EventCountry "GEO"]
[SourceTitle "CBM 174 Extra"]
[Source "ChessBase"]
[SourceDate "2016.10.10"]
[SourceVersion "1"]
[SourceVersionDate "2016.10.10"]
[SourceQuality "1"]
[WhiteTeam "Rustavi"]
[BlackTeam "Samegrelo"]
[WhiteTeamCountry "GEO"]
[BlackTeamCountry "GEO"]

1. e4 c5 2. Nf3 e6 3. Nc3 a6 4. g3 Nc6 5. Bg2 Nf6 6. 0-0 d6 7. d3 Be7 8. Ng5 h6 9. Nh3 Qc7 10. f4 Bd7 11. f5 Ne5 12. Nf4 0-0 13. h4 exf5 14. Nfd5 Qd8 15. exf5 Bc6 16. Bf4 Neg4 17. d4 Nxd5 18. Nxd5 Nf6 19. Nxe7+ Qxe7 20. d5 Bb5 21. Re1 Qc7 22. g4 Rfe8 23. Bf3 Rxe1+ 24. Qxe1 Re8 25. Qd2 Qe7 26. g5 Ne4 27. Qg2 hxg5 28. hxg5 Bc4 29. Re1 Bxd5 30. f6 Qd7 31. Bxe4 Rxe4 32. Rxe4 Qc6 33. g6 gxf6 34. Qh3 1-0

[Event "Poti Aleksandria Cup 10th"]
[Site "Poti"]
[Date "2015.07.20"]
[Round "9"]
[White "Ghvamberia, Nika"]
[Black "Styazhkina, Anna"]
[Result "0-1"]
[WhiteElo "2133"]
[BlackElo "2214"]
[PlyCount "152"]
[EventDate "2015.07.13"]
[EventType "swiss"]
[EventRounds "9"]
[EventCountry "GEO"]
[SourceTitle "CBM 167 Extra"]
[Source "ChessBase"]
[SourceDate "2015.09.14"]
[SourceVersion "1"]
[SourceVersionDate "2015.09.14"]
[SourceQuality "1"]

1. e4 e5 2. Nf3 Nc6 3. Bb5 a6 4. Ba4 g6 5. c3 Bg7 6. 0-0 Nge7 7. d4 exd4 8. cxd4 b5 9. Bb3 d6 10. Nc3 0-0 11. h3 h6 12. Be3 Kh7 13. d5 Na5 14. Bd4 Bxd4 15. Nxd4 Nxb3 16. Qxb3 f5 17. Rfe1 f4 18. e5 Nf5 19. Nc6 Qh4 20. Qb4 Bd7 21. exd6 cxd6 22. a4 a5 23. Qxb5 f3 24. Re4 Qh5 25. Rae1 fxg2 26. Qd3 Rf7 27. Ne2 Nh4 28. Ncd4 Bf5 29. Nxf5 Qxf5 30. f4 Qh5 31. Re3 Re8 32. Ng3 Nf3+ 33. Rxf3 Rxe1+ 34. Kxg2 Qh4 35. f5 gxf5 36. Rxf5 Rxf5 37. Qxf5+ Kg8 38. Qg6+ Kh8 39. Qxd6 Qg5 40. Qf8+ Kh7 41. Qf7+ Qg7 42. Qf5+ Qg6 43. Qd7+ Kg8 44. Qc8+ Re8 45. Qc4 Qf7 46. Qd3 Re5 47. d6 Rd5 48. Qc3 Rxd6 49. Qxa5 Qb7+ 50. Kf2 Qxb2+ 51. Ne2 Qf6+ 52. Kg2 Qf7 53. Qb4 Rg6+ 54. Ng3 Qa2+ 55. Kf3 Qd5+ 56. Kf2 Qa2+ 57. Kf3 Rf6+ 58. Kg4 Qe6+ 59. Kh4 Qf7 60. Qb8+ Kh7 61. Qb1+ Rg6 62. Qf5 Qe7+ 63. Kh5 Qg5+ 64. Qxg5 Rxg5+ 65. Kh4 Ra5 66. Kg4 Kg6 67. Kf4 Rxa4+ 68. Ne4 Kh5 69. Kf3 Ra3+ 70. Kg2 Kh4 71. Nf2 Kg5 72. Ng4 h5 73. Ne5 Kf5 74. Nc4 Rc3 75. Nd6+ Kf4 76. Nb5 Rc2+ 0-1

[Event "Moscow Dvorkovich Cup U16 10th"]
[Site "Moscow"]
[Date "2015.06.26"]
[Round "4.3"]
[White "Ghvamberia, Nika"]
[Black "Parvanyan, Ashot"]
[Result "1/2-1/2"]
[WhiteElo "2133"]
[BlackElo "2168"]
[PlyCount "102"]
[EventDate "2015.06.23"]
[EventType "team-tourn"]
[EventRounds "7"]
[EventCountry "RUS"]
[SourceTitle "CBM 167 Extra"]
[Source "ChessBase"]
[SourceDate "2015.09.14"]
[SourceVersion "1"]
[SourceVersionDate "2015.09.14"]
[SourceQuality "1"]
[WhiteTeam "Georgia (U16)"]
[BlackTeam "Armenia (U16)"]
[WhiteTeamCountry "GEO"]
[BlackTeamCountry "ARM"]

1. e4 e6 2. d4 d5 3. Nc3 Bb4 4. exd5 exd5 5. Bd3 c6 6. Nge2 Ne7 7. Ng3 0-0 8. 0-0 Ng6 9. Nce2 Bd6 10. Nf5 Bxf5 11. Bxf5 Qf6 12. Qd3 Na6 13. c3 Rfe8 14. Be3 Nc7 15. g3 Ne6 16. f4 Nc7 17. Bg4 Qe7 18. Kf2 Qf6 19. Rae1 Ne7 20. Bd7 Red8 21. Bh3 g6 22. Bd2 Ne8 23. Ng1 Bc7 24. Nf3 Nd6 25. Kg2 Ne4 26. Bc1 Nf5 27. Ne5 h5 28. Kg1 c5 29. Bxf5 Qxf5 30. dxc5 Nxc5 31. Qxf5 gxf5 32. Be3 Ne4 33. Nf3 Bb6 34. Bxb6 axb6 35. a3 Kg7 36. Rd1 Kf6 37. Rd4 Ra5 38. Rb4 Rd6 39. Rd1 Rc5 40. Ne5 Rc8 41. Rxb6 Rxb6 42. Nd7+ Ke6 43. Nxb6 Rc5 44. Rd4 Rb5 45. Na4 Ra5 46. Nb6 Rb5 47. Rb4 Rxb4 48. axb4 Kd6 49. Kf1 Kc6 50. Nc8 Kd7 51. Nb6+ Kc6 1/2-1/2

[Event "Moscow Dvorkovich Cup U16 10th"]
[Site "Moscow"]
[Date "2015.06.23"]
[Round "1.3"]
[White "Yogit, S."]
[Black "Ghvamberia, Nika"]
[Result "0-1"]
[WhiteElo "1951"]
[BlackElo "2133"]
[PlyCount "76"]
[EventDate "2015.06.23"]
[EventType "team-tourn"]
[EventRounds "7"]
[EventCountry "RUS"]
[SourceTitle "CBM 167 Extra"]
[Source "ChessBase"]
[SourceDate "2015.09.14"]
[SourceVersion "1"]
[SourceVersionDate "2015.09.14"]
[SourceQuality "1"]
[WhiteTeam "India (U16)"]
[BlackTeam "Georgia (U16)"]
[WhiteTeamCountry "IND"]
[BlackTeamCountry "GEO"]

1. e4 c5 2. Nf3 e6 3. d4 cxd4 4. Nxd4 a6 5. Nc3 Qc7 6. Bd3 Nf6 7. 0-0 Nc6 8. Be3 Nxd4 9. Bxd4 Bc5 10. Bxc5 Qxc5 11. Qe2 d6 12. Kh1 0-0 13. f4 e5 14. Nd5 Nxd5 15. exd5 Qxd5 16. Rad1 Qc5 17. f5 f6 18. Bc4+ Kh8 19. Rf3 Bd7 20. Rc3 Bb5 21. Bxb5 Qxb5 22. Qxb5 axb5 23. a3 b4 24. axb4 Ra2 25. b3 d5 26. Kg1 d4 27. Rc7 Kg8 28. c3 Rc2 29. c4 Ra8 30. Rxb7 h5 31. b5 Raa2 32. b6 Rxg2+ 33. Kh1 Rxh2+ 34. Kg1 h4 35. Rd3 Rhb2 36. Rf3 h3 37. Rb8+ Kf7 38. b7 h2+ 0-1

[Event "World ol U16"]
[Site "Gyor"]
[Date "2014.12.18"]
[Round "6.4"]
[White "Ghvamberia, Nika"]
[Black "Kumaran, Bajali"]
[Result "1-0"]
[WhiteElo "2122"]
[BlackElo "2316"]
[PlyCount "139"]
[EventDate "2014.12.13"]
[EventType "team-swiss"]
[EventRounds "10"]
[EventCountry "HUN"]
[SourceTitle "EXT 2016"]
[Source "ChessBase"]
[SourceDate "2015.10.08"]
[SourceVersion "1"]
[SourceVersionDate "2015.10.08"]
[SourceQuality "1"]
[WhiteTeam "Georgia"]
[BlackTeam "India"]
[WhiteTeamCountry "GEO"]
[BlackTeamCountry "IND"]

1. e4 c5 2. Nf3 Nc6 3. d4 cxd4 4. Nxd4 e5 5. Nb5 Nf6 6. N1c3 d6 7. Bg5 a6 8. Na3 b5 9. Nd5 Be7 10. Bxf6 Bxf6 11. c3 Ne7 12. Nxf6+ gxf6 13. Bd3 Bb7 14. Nc2 d5 15. exd5 Qxd5 16. Ne3 Qe6 17. a4 Rd8 18. Qc2 e4 19. Be2 Bc6 20. axb5 axb5 21. Ra5 f5 22. g3 Qd7 23. c4 b4 24. 0-0 Qc7 25. Rfa1 f4 26. Ra7 Qd6 27. Nd5 Bxd5 28. cxd5 e3 29. fxe3 fxg3 30. Qe4 gxh2+ 31. Kh1 Rg8 32. Bf3 Kf8 33. Rf1 Rg1+ 34. Rxg1 hxg1Q+ 35. Kxg1 Rc8 36. Ra1 Ng6 37. Bg2 b3 38. Rf1 Rc7 39. Qd3 Qg3 40. Qxb3 Kg7 41. Qd3 Ne5 42. Qd2 Ng4 43. Rf3 Qh2+ 44. Kf1 Qe5 45. Ke2 Nf6 46. Rf4 Qh5+ 47. Bf3 Qg6 48. e4 Qg1 49. e5 Re7 50. Qe3 Qxe3+ 51. Kxe3 Rxe5+ 52. Kd4 Re1 53. b4 Nd7 54. Bg4 Ne5 55. Bf5 f6 56. b5 Rc1 57. d6 Kf7 58. Kd5 h5 59. b6 Nc6 60. Rc4 Rxc4 61. Kxc4 Ke8 62. Kc5 Nd8 63. Bc8 h4 64. Kd5 Kf8 65. b7 Nxb7 66. Bxb7 Ke8 67. Bc8 Kd8 68. Bh3 Ke8 69. Kc6 Kd8 70. d7 1-0

[Event "World ol U16"]
[Site "Gyor"]
[Date "2014.12.15"]
[Round "4.4"]
[White "Matviishen, Viktor"]
[Black "Ghvamberia, Nika"]
[Result "0-1"]
[WhiteElo "2383"]
[BlackElo "2122"]
[PlyCount "198"]
[EventDate "2014.12.13"]
[EventType "team-swiss"]
[EventRounds "10"]
[EventCountry "HUN"]
[SourceTitle "EXT 2016"]
[Source "ChessBase"]
[SourceDate "2015.10.08"]
[SourceVersion "1"]
[SourceVersionDate "2015.10.08"]
[SourceQuality "1"]
[WhiteTeam "Ukraine"]
[BlackTeam "Georgia"]
[WhiteTeamCountry "UKR"]
[BlackTeamCountry "GEO"]

1. d4 Nf6 2. c4 e6 3. Nf3 b6 4. g3 Ba6 5. Qa4 Bb7 6. Bg2 c5 7. 0-0 Be7 8. Rd1 cxd4 9. Nxd4 Bxg2 10. Kxg2 0-0 11. Nc3 Qc8 12. e4 a6 13. f3 d6 14. Be3 Qb7 15. Qc2 Nc6 16. Qe2 Rac8 17. Rac1 Ne5 18. b3 Rfd8 19. Bg1 h6 20. f4 Ned7 21. Re1 Bf8 22. Qf3 Nc5 23. f5 Nfd7 24. Rcd1 Ne5 25. Qe2 Re8 26. fxe6 fxe6 27. Rf1 Ncd7 28. a4 d5 29. exd5 exd5 30. Nxd5 Nxc4 31. Qf3 Nd6 32. Nf5 Qc6 33. Rc1 Qxc1 34. Rxc1 Rxc1 35. Nxh6+ Kh7 36. Nf5 Kg8 37. Nfe3 Ne5 38. Qh5 Ndf7 39. Qf5 Bc5 40. b4 Bd4 41. Bf2 b5 42. axb5 axb5 43. Qe4 Ba7 44. Nf5 Bxf2 45. Kxf2 Rd1 46. Nde7+ Kf8 47. Qe2 Rd7 48. Qxb5 Rexe7 49. Nxe7 Kxe7 50. Ke2 Rd6 51. Qc5 Nd7 52. Qc3 Nfe5 53. b5 g6 54. Qb4 Ke6 55. g4 Nb6 56. Qc5 Nxg4 57. h4 Ne5 58. Ke3 Nbd7 59. Qc8 Rb6 60. Qg8+ Kd6 61. Qb3 Kc5 62. Kf4 Rxb5 63. Qe6 Rb4+ 64. Kg3 Rb6 65. Qe7+ Kd5 66. Qe8 Nf6 67. Qa8+ Ke6 68. Qc8+ Ned7 69. Qc4+ Ke7 70. Kf4 Kf8 71. Qd4 Kg7 72. Kf3 Re6 73. Kg3 Re4 74. Qc3 Ne5 75. Qc7+ Nf7 76. Qc3 Re7 77. Qd4 Nh6 78. Qc4 Nf5+ 79. Kf3 Re3+ 80. Kg2 Rg3+ 81. Kf2 Rg4 82. Qc7+ Kh6 83. Qd8 Ne4+ 84. Kf3 Rxh4 85. Qh8+ Kg5 86. Qd8+ Nf6 87. Qd2+ Kh5 88. Qd8 Nh7 89. Qh8 Kh6 90. Qe5 Ng5+ 91. Kf2 Rd4 92. Qh2+ Kg7 93. Qe5+ Kf7 94. Qc7+ Ne7 95. Kg3 Ne6 96. Qb7 g5 97. Qb1 Kf6 98. Qh7 Rh4 99. Qc2 Nf5+ 0-1

[Event "World ol U16"]
[Site "Gyor"]
[Date "2014.12.14"]
[Round "2.4"]
[White "Ghvamberia, Nika"]
[Black "Vangsgaard, Freja"]
[Result "1-0"]
[WhiteElo "2122"]
[BlackElo "1801"]
[PlyCount "68"]
[EventDate "2014.12.13"]
[EventType "team-swiss"]
[EventRounds "10"]
[EventCountry "HUN"]
[SourceTitle "EXT 2016"]
[Source "ChessBase"]
[SourceDate "2015.10.08"]
[SourceVersion "1"]
[SourceVersionDate "2015.10.08"]
[SourceQuality "1"]
[WhiteTeam "Georgia"]
[BlackTeam "Denmark"]
[WhiteTeamCountry "GEO"]
[BlackTeamCountry "DEN"]

1. e4 d5 2. exd5 Qxd5 3. Nc3 Qa5 4. d4 Nf6 5. Bd2 c6 6. Bd3 Bg4 7. f3 Bh5 8. Nge2 Bg6 9. Ne4 Qc7 10. 0-0 Nbd7 11. Bf4 Qd8 12. N2g3 Nd5 13. Bg5 f6 14. Bd2 e5 15. c4 Nc7 16. Qb3 Rb8 17. Rfe1 Be7 18. Bb4 c5 19. dxc5 Nxc5 20. Nxc5 Bxc5+ 21. Bxc5 Qxd3 22. Qa4+ Qd7 23. Qxa7 Na6 24. f4 Qc7 25. Ba3 Kf7 26. f5 Qxc4 27. fxg6+ hxg6 28. Ne4 Kg8 29. Rac1 Qb5 30. Nd6 Qd7 31. Red1 Kh7 32. Rd3 Kg8 33. Qb6 Rh4 34. b4 Qf5 1-0